Anderson .Paak Charting Songs (Billboard Hot 100) - Statistics

General Stats
  • This quiz has been taken 60 times
    5 since last reset
  • The average score is 4 of 9
Answer Stats
Album Weeks On Peak Artist(s) Song % Correct
An Evening with Silk Sonic 39 Weeks #1 (2 Weeks) Bruno Mars, Anderson .Paak & Silk Sonic Leave the Door Open
75%
Music to Be Murdered By 1 Week #89 Eminem ft. Anderson .Paak Lock It Up
50%
An Evening with Silk Sonic 9 Weeks #14 Bruno Mars, Anderson .Paak & Silk Sonic Skate
50%
An Evening with Silk Sonic 20 Weeks #5 Bruno Mars, Anderson. Paak & Silk Sonic Smokin' Out the Window
50%
Finally Over It 1 Week #80 Summer Walker & Anderson .Paak 1-800 Heartbreak
25%
An Evening with Silk Sonic 1 Week #68 Bruno Mars, Anderson .Paak & Silk Sonic with Thundercat & Bootsy Collins After Last Night
25%
An Evening with Silk Sonic 1 Week #73 Bruno Mars, Anderson .Paak & Silk Sonic Blast Off
25%
An Evening with Silk Sonic 1 Week #81 Bruno Mars, Anderson .Paak & Silk Sonic Fly as Me
25%
An Evening with Silk Sonic 1 Week #78 Bruno Mars, Anderson .Paak & Silk Sonic Put on a Smile
25%
No matching quizzes found
Score Distribution
Percent of People with Each Score
Percentile by Number Answered
Your Score History
You have not taken this quiz since the last reset